Hicklane Properties Ltd v Bradbury Investments Ltd (Record no. 80766)
[ view plain ]
| 000 -LEADER | |
|---|---|
| fixed length control field | 01734cad a22002055a 4500 |
| 001 - CONTROL NUMBER | |
| control field | L145296 |
| 008 - FIXED-LENGTH DATA ELEMENTS--GENERAL INFORMATION | |
| fixed length control field | 080924e20080619xxk f v 000 0 eng d |
| 035 ## - SYSTEM CONTROL NUMBER | |
| System control number | (Sirsi) u145296 |
| 041 0# - LANGUAGE CODE | |
| Language code of text/sound track or separate title | eng |
| 245 00 - TITLE STATEMENT | |
| Title | Hicklane Properties Ltd v Bradbury Investments Ltd |
| Medium | [electronic resource] |
| 260 ## - PUBLICATION, DISTRIBUTION, ETC. | |
| Date of publication, distribution, etc. | 2008 |
| 520 ## - SUMMARY, ETC. | |
| Summary, etc. | [2008] EWCA Civ 691, 19 June 2008. The case shows that the courts will rely on good business sense to correct errors in documentation. A tenant (B) took a business lease on a building owned by H, which provided that, should the owner wish to sell the freehold, the tenant would have first refusal. When the tenant tried to use this right, a dispute arose over the basis for valuing the property i.e. whether or not this should be vacant possession or subject to the lease. The tenant went to court and successfully had the terms of the lease, including the valuation method, clarified in its favour. The appellant owner (H) appealed against the order rectifying the lease. Held: appeal dismissed. The original judge's decision and his rectification order made commercial sense. The judge was entitled to find that valuation of the freehold should be subject to the lease and deleting reference to vacant possession as this expressed the common intention of the parties. |
| 590 ## - LOCAL NOTE (RLIN) | |
| Local note | KA |
| 650 24 - SUBJECT ADDED ENTRY--TOPICAL TERM | |
| Topical term or geographic name entry element | HICKLANE PROPERTIES LTD V BRADBURY INVESTMENTS LTD |
| 650 24 - SUBJECT ADDED ENTRY--TOPICAL TERM | |
| Topical term or geographic name entry element | SWAINLAND BUILDERS LTD V FREEHOLD PROPERTIES LTD |
| 651 #4 - SUBJECT ADDED ENTRY--GEOGRAPHIC NAME | |
| Geographic name | England and Wales |
| Chronological subdivision | 1543- |
| 690 ## - LOCAL SUBJECT ADDED ENTRY--TOPICAL TERM (OCLC, RLIN) | |
| Topical term or geographic name as entry element | PROPERTY-COMMERCIAL PROPERTY-LEASEHOLD COMMERCIAL PROPERTY-COMMERCIAL LANDLORD AND TENANT-COMMERCIAL LEASES |
| 856 40 - ELECTRONIC LOCATION AND ACCESS | |
| Uniform Resource Identifier | <a href="https://www.bailii.org/ew/cases/EWCA/Civ/2008/691.html ">https://www.bailii.org/ew/cases/EWCA/Civ/2008/691.html </a> |
| Public note | View the case free of charge at www.bailii.org... |
| 942 ## - ADDED ENTRY ELEMENTS (KOHA) | |
| Suppress in OPAC | 0 |
| Withdrawn status | Lost status | Source of classification or shelving scheme | Damaged status | Not for loan | Home library | Current library | Shelving location | Date acquired | Total Checkouts | Full call number | Barcode | Date last seen | Copy number | Price effective from | Koha item type |
|---|---|---|---|---|---|---|---|---|---|---|---|---|---|---|---|
| Dewey Decimal Classification | Virtual | Virtual | Online | 24/09/2008 | ONLINE PUBLICATION | 145296-1001 | 06/08/2019 | 1 | 06/08/2019 | Law report |